Assessment and learning in English : a collection of views and information about how the assessment of learning in senior English courses may best be undertaken /

Bibliographic Details
Other Authors: Reynolds, C. L.
Format: Book
Language:English
Published: Carlton, Victoria : Victorian Association for the Teaching of English, 1984.
Subjects:

MARC

Tag First Indicator Second Indicator Subfields
LEADER 00000cam a2200000 a 4500
001 in00000018160
005 20151007053153.0
008 850603s1984 at 00010 eng d
020 |a 0959177817 
035 |a (OCoLC)12109896 
035 |9 AAB0647AM 
040 |a TXA  |c TXA  |d TRI  |d TXA  |d UtOrBLW 
049 |a TXAM  |c [A10200683] 
050 4 |a LB1631  |b .A715 1984 
245 0 0 |a Assessment and learning in English :  |b a collection of views and information about how the assessment of learning in senior English courses may best be undertaken /  |c edited by C.L. Reynolds. 
264 1 |a Carlton, Victoria :  |b Victorian Association for the Teaching of English,  |c 1984. 
300 |a vi, 45 pages ;  |c 25 cm. 
336 |a text  |b txt  |2 rdacontent 
337 |a unmediated  |b n  |2 rdamedia 
338 |a volume  |b nc  |2 rdacarrier 
500 |a "A publication of the Victorian Association for the Teaching of English"--Cover. 
504 |a Includes bibliographies. 
650 0 |a English language  |x Study and teaching (Secondary) 
700 1 |a Reynolds, C. L. 
999 |a MARS 
999 f f |s 08c14d0c-6bf5-3d77-b7d3-a88ef652adb2  |i 081c154e-2590-325e-a78f-5aeff0e3aa64  |t 0 
952 f f |p normal  |a Texas A&M University  |b College Station  |c Sterling C. Evans Library  |d Evans: Library Stacks  |t 0  |e LB1631 .A715 1984  |h Library of Congress classification  |i unmediated -- volume  |m A14810200683 
998 f f |a LB1631 .A715 1984  |t 0  |l Evans: Library Stacks